[Event "6.Open Alta Padovana A"]
[Site "Loreggia"]
[Date "2006.02.24"]
[Round "1.3"]
[White "Molina, Fabrizio"]
[Black "Forato, Enrico"]
[Result "1/2-1/2"]
[WhiteElo "2264"]
[BlackElo "1951"]
[Annotator "Gabriele Ballarin"]
[PlyCount "59"]
[EventDate "2006.02.24"]
[EventType "swiss"]
[EventRounds "5"]
[EventCountry "ITA"]

1. c4 e5 2. g3 f5 3. Bg2 Nf6 4. Nc3 d6 5. d3 g6 6. e4 Bg7 7. Nge2 O-O 8. O-O f4 9. gxf4 Nh5 10. fxe5 dxe5 11. Kh1 Qh4 12. Be3 Nc6 13. Nd5 Nd4 14. Qd2 Bh3 15. Bxd4 exd4 16. Bxh3 Qxh3 17. f4 c6 18. Nb4 Be5 19. Rf2 Rf7 20. Raf1 Raf8 21. Rf3 Qh4 {=} 22. Qe1 Qxe1 23. Rxe1 Nxf4 24. Nxf4 Rxf4 25. Rxf4 Rxf4 26. Kg2 Rg4+ 27. Kh3 Rf4 28. Kg2 Rg4+ 29. Kh3 Rf4 30. Kg2 1/2-1/2

[Event "6.Open Alta Padovana A"]
[Site "Loreggia"]
[Date "2006.02.24"]
[Round "1.4"]
[White "Roberti, Ignazio"]
[Black "Mosconi, Ariel Oscar"]
[Result "0-1"]
[WhiteElo "1950"]
[BlackElo "2156"]
[Annotator "Gabriele Ballarin"]
[PlyCount "50"]
[EventDate "2006.02.24"]
[EventType "swiss"]
[EventRounds "5"]
[EventCountry "ITA"]

1. e4 c5 2. Nf3 a6 3. b3 d6 4. Bb2 Nd7 5. d4 cxd4 6. Qxd4 e5 7. Qd2 Ndf6 8. Nc3 Bg4 9. O-O-O Rc8 10. Bd3 Ne7 11. h3 Bxf3 12. gxf3 Ng6 13. Nd5 Nxd5 14. exd5 Be7 15. Bf5 Bg5 16. Bxc8 Bxd2+ 17. Rxd2 Qxc8 18. h4 Nf4 19. Ba3 Qc3 20. Bb2 Qxf3 21. Re1 Kd7 22. Re3 Qh1+ 23. Rd1 Qxh4 24. f3 Rc8 25. Re4 Qf2 0-1

[Event "6.Open Alta Padovana A"]
[Site "Loreggia"]
[Date "2006.02.24"]
[Round "1.5"]
[White "Omeri, Silvan"]
[Black "Maccapan, Fabio"]
[Result "1-0"]
[WhiteElo "2110"]
[BlackElo "1940"]
[Annotator "Gabriele Ballarin"]
[PlyCount "67"]
[EventDate "2006.02.24"]
[EventType "swiss"]
[EventRounds "5"]
[EventCountry "ITA"]

1. e4 c5 2. Nc3 Nc6 3. f4 g6 4. Nf3 Bg7 5. d3 d6 6. Be3 e6 7. Qd2 Nge7 8. Nd1 a6 9. c3 b5 10. g3 O-O 11. Bg2 Rb8 12. O-O b4 13. Nf2 Qa5 14. Nd1 Bd7 15. f5 exf5 16. Bh6 bxc3 17. bxc3 Ne5 18. Bxg7 Kxg7 19. Ne3 Ng4 20. Nc4 Qc7 21. Qf4 Ne5 22. Nfxe5 dxe5 23. Nxe5 Be6 24. Nxg6 Qxf4 25. Nxf4 Rb2 26. Nd5 Bxd5 27. exd5 Rd8 28. c4 Rd6 29. Rf2 Rdb6 30. Rxb2 Rxb2 31. d6 Ng8 32. d7 Rb8 33. Re1 Rd8 34. Bc6 1-0

[Event "6.Open Alta Padovana A"]
[Site "Loreggia"]
[Date "2006.02.24"]
[Round "1.6"]
[White "De Nardi, Riccardo"]
[Black "Xia, Jie"]
[Result "0-1"]
[WhiteElo "1933"]
[BlackElo "2109"]
[Annotator "Gabriele Ballarin"]
[PlyCount "83"]
[EventDate "2006.02.24"]
[EventType "swiss"]
[EventRounds "5"]
[EventCountry "ITA"]

1. e4 c5 2. Nf3 Nc6 3. d4 cxd4 4. Nxd4 g6 5. Nc3 Bg7 6. Be3 Nf6 7. f3 Qb6 8. Nf5 Qxb2 9. Na4 Qa3 10. c3 gxf5 11. Bc5 Qxc5 12. Nxc5 d6 13. Na4 fxe4 14. fxe4 Nxe4 15. Qf3 Ng5 16. Qd5 Ne6 17. Bc4 O-O 18. O-O Ne5 19. Bb3 Rb8 20. Bc2 b5 21. Nb2 Bb7 22. Qd2 a5 23. Bb3 Nc5 24. Bc2 {=} a4 25. Rae1 Ne6 26. Be4 a3 27. Bxb7 Rxb7 28. Nd1 Rc7 29. Ne3 Nc4 30. Nxc4 Rxc4 31. Rf3 Rfc8 32. Qd5 {=} R4c5 33. Qb7 R5c7 34. Qxb5 Bxc3 35. Ref1 Bf6 36. Rg3+ Kh8 37. Rh3 Rc1 38. Rhf3 Nd4 39. Qd3 Nxf3+ 40. gxf3 Rg8+ 41. Kh1 Rxf1+ 42. Qxf1 0-1

[Event "6.Open Alta Padovana A"]
[Site "Loreggia"]
[Date "2006.02.24"]
[Round "1.7"]
[White "Vianello, Enrico"]
[Black "Cerioli, Giuseppe"]
[Result "1-0"]
[WhiteElo "2087"]
[BlackElo "1907"]
[Annotator "Gabriele Ballarin"]
[PlyCount "57"]
[EventDate "2006.02.24"]
[EventType "swiss"]
[EventRounds "5"]
[EventCountry "ITA"]

1. d4 Nf6 2. Bg5 c5 3. dxc5 Qa5+ 4. Qd2 Qxc5 5. Nc3 Nc6 6. e4 a6 7. a4 Qa5 8. Bd3 d6 9. Nge2 Bg4 10. f3 Be6 11. O-O Rc8 12. Kh1 h5 13. Rad1 h4 14. Qc1 Rh5 15. Bd2 Qc7 16. Nf4 Rh8 17. Nxe6 fxe6 18. f4 Nb4 19. Nb5 axb5 20. Bxb4 bxa4 21. e5 Nh5 22. Bg6+ Kd8 23. Qe3 Ra8 24. Bc5 Ra6 25. exd6 exd6 26. f5 Rc6 27. Bd4 d5 28. fxe6 Nf6 29. Bxf6+ 1-0

[Event "6.Open Alta Padovana A"]
[Site "Loreggia"]
[Date "2006.02.24"]
[Round "1.9"]
[White "Logallo, Claudio"]
[Black "Gaion, Giancarlo"]
[Result "1/2-1/2"]
[WhiteElo "2054"]
[BlackElo "1850"]
[Annotator "Gabriele Ballarin"]
[PlyCount "32"]
[EventDate "2006.02.24"]
[EventType "swiss"]
[EventRounds "5"]
[EventCountry "ITA"]

1. e4 e6 2. d3 d5 3. Nd2 Nf6 4. Ngf3 Bc5 5. e5 Nfd7 6. c3 Be7 7. g3 Nc6 8. Qe2 O-O 9. h4 f6 10. d4 fxe5 11. dxe5 Qe8 12. Bh3 Qf7 13. Rh2 a5 14. h5 h6 15. Bg4 b6 16. Nb3 Ba6 {=} 1/2-1/2

[Event "6.Open Alta Padovana A"]
[Site "Loreggia"]
[Date "2006.02.24"]
[Round "1.10"]
[White "Quaranta, Gaetano"]
[Black "Boscolo, Marco"]
[Result "0-1"]
[WhiteElo "1670"]
[BlackElo "2025"]
[Annotator "Gabriele Ballarin"]
[PlyCount "102"]
[EventDate "2006.02.24"]
[EventType "swiss"]
[EventRounds "5"]
[EventCountry "ITA"]

1. e4 e6 2. d4 d5 3. exd5 exd5 4. Nf3 Bg4 5. Be2 Bd6 6. h3 Bh5 7. Be3 c6 8. Nbd2 Nd7 9. c4 dxc4 10. Nxc4 Bb4+ 11. Ncd2 Ngf6 12. a3 Bd6 13. O-O O-O 14. Nc4 Bc7 15. Qb3 Rb8 16. Rfe1 Nb6 17. Nxb6 Bxb6 18. Rad1 Nd5 19. Bg5 f6 20. Bf4 Bc7 21. Bxc7 Qxc7 22. Rc1 Bf7 23. Bc4 Qd7 24. Rcd1 Rbe8 25. Qc2 Nf4 26. Bxf7+ Qxf7 27. Qd2 Nd5 28. Qc2 Nb6 29. Qc5 Qd5 30. Qb4 Kf7 31. a4 Qc4 32. Qd6 Qd5 33. Qb4 Qd7 34. b3 Nd5 35. Qc4 Re6 36. Rxe6 Qxe6 37. Re1 Qd7 38. Qc5 a6 39. Qc4 Re8 40. Rxe8 Qxe8 41. Qd3 g6 42. Qd2 Kg7 43. Nh2 Qe4 44. Qb2 Qe1+ 45. Nf1 Nf4 46. Qa3 Ne2+ 47. Kh2 Qxf1 48. Qe7+ Kh6 49. Qf8+ Kh5 50. g4+ Kg5 51. Qc5+ Kh4 0-1

[Event "6.Open Alta Padovana A"]
[Site "Loreggia"]
[Date "2006.02.24"]
[Round "1.18"]
[White "Visentin, Lorenzo"]
[Black "Annoni, Riccardo"]
[Result "1-0"]
[WhiteElo "1811"]
[BlackElo "2075"]
[Annotator "Gabriele Ballarin"]
[PlyCount "65"]
[EventDate "2006.02.24"]
[EventType "swiss"]
[EventRounds "5"]
[EventCountry "ITA"]

1. d4 d5 2. c4 e6 3. Nc3 Nf6 4. Nf3 c6 5. e3 Nbd7 6. Bd3 a6 7. O-O Bd6 8. e4 dxc4 9. Bxc4 e5 10. Ng5 O-O 11. d5 Nb6 12. Bb3 h6 13. Nf3 Bg4 14. dxc6 bxc6 15. Be3 Rb8 16. h3 Bh5 17. Rc1 Qe7 18. Bxb6 Rxb6 19. Qd3 Rb4 20. Nh4 g6 21. g4 Nxg4 22. hxg4 Qxh4 23. gxh5 Qxh5 24. Qg3 Kh7 25. Rcd1 Rd8 26. Bxf7 Kg7 27. Bb3 Rd4 28. Kg2 g5 29. Rh1 Qg6 30. Qg4 Bb4 31. a3 Bxc3 32. bxc3 Rxe4 33. Rd7+ 1-0

[Event "6.Open Alta Padovana A"]
[Site "Loreggia"]
[Date "2006.02.25"]
[Round "2.1"]
[White "Xia, Jie"]
[Black "Ljubisavljevic, Zivojin Z"]
[Result "1-0"]
[WhiteElo "2109"]
[BlackElo "2310"]
[Annotator "Gabriele Ballarin"]
[PlyCount "81"]
[EventDate "2006.02.24"]
[EventType "swiss"]
[EventRounds "5"]
[EventCountry "ITA"]

1. e4 g6 2. d4 Bg7 3. Nf3 d6 4. Nc3 Bg4 5. Bc4 Nf6 6. e5 dxe5 7. Bxf7+ Kf8 8. Bb3 exd4 9. Nxd4 Bxd1 10. Ne6+ Ke8 11. Nxd8 Kxd8 12. Kxd1 Nbd7 13. Ke2 c6 14. Be6 Nc5 15. Rd1+ Ke8 16. Bb3 Nxb3 17. axb3 a6 18. Be3 Rd8 19. Na4 Nd5 20. c4 Nxe3 21. fxe3 Be5 22. Nc5 Bxh2 23. Nxb7 Rb8 24. Na5 Bc7 25. Nxc6 Rxb3 26. Rd2 Rb6 27. Nd4 Rf8 28. c5 Rbf6 29. b4 e5 30. Kd3 exd4 31. exd4 Kd7 32. Rda2 Rf4 33. Rxa6 Rg4 34. Rh1 h5 35. Rd1 Rxg2 36. b5 h4 37. Ra7 Kc8 38. b6 Bb8 39. Rh7 g5 40. Ra1 Rb2 41. Ra8 1-0

[Event "6.Open Alta Padovana A"]
[Site "Loreggia"]
[Date "2006.02.25"]
[Round "2.2"]
[White "Mosconi, Ariel Oscar"]
[Black "Vianello, Enrico"]
[Result "0-1"]
[WhiteElo "2156"]
[BlackElo "2087"]
[Annotator "Gabriele Ballarin"]
[PlyCount "112"]
[EventDate "2006.02.24"]
[EventType "swiss"]
[EventRounds "5"]
[EventCountry "ITA"]

1. e4 d6 2. Ne2 g6 3. d4 Bg7 4. Nec3 c6 5. Be2 Qb6 6. d5 Nf6 7. O-O O-O 8. a4 Nbd7 9. a5 Qc7 10. Nd2 a6 11. Nb3 b5 12. axb6 Qxb6 13. Be3 c5 14. Ra2 Bb7 15. Na5 Ra7 16. Qd2 Nb8 17. f3 Nfd7 18. Rd1 Bc8 19. Kh1 Bh8 20. f4 f5 21. exf5 gxf5 22. Nc4 Qd8 23. Bd3 Ra8 24. Bg1 Qe8 25. Qe2 Bb7 26. Na5 Bc8 27. Re1 Rf7 28. Nc4 Qd8 29. Ne3 Nb6 30. Qh5 Qf8 31. Nb5 $4 axb5 32. Rxa8 Nxa8 33. Bxb5 Bxb2 34. Rb1 Bd4 35. Rb3 Bxe3 36. Rxe3 Ba6 37. Rg3+ Rg7 38. Rxg7+ Kxg7 39. Be8 Nc7 40. Qg5+ Kh8 41. Bh5 Nxd5 42. Bf3 Nc7 43. Qg3 Nd7 44. Bc6 Nf6 45. Qc3 Bc8 46. Qa5 Ne6 47. Be3 Bd7 48. Bf3 Nd4 49. Bd1 Ng4 50. Bg1 Bc6 51. c3 Ne6 52. Qb6 Qa8 53. Qb2 Nxf4 54. Bd4+ cxd4 55. Bxg4 Bxg2+ 56. Kg1 fxg4 0-1

[Event "6.Open Alta Padovana A"]
[Site "Loreggia"]
[Date "2006.02.25"]
[Round "2.3"]
[White "Boscolo, Marco"]
[Black "Omeri, Silvan"]
[Result "1-0"]
[WhiteElo "2025"]
[BlackElo "2110"]
[Annotator "Gabriele Ballarin"]
[PlyCount "113"]
[EventDate "2006.02.24"]
[EventType "swiss"]
[EventRounds "5"]
[EventCountry "ITA"]

1. e4 e5 2. Nf3 Nc6 3. Bb5 a6 4. Ba4 Nf6 5. O-O Be7 6. Re1 b5 7. Bb3 d6 8. c3 O-O 9. h3 Bb7 10. d4 Re8 11. Nbd2 Bf8 12. Bc2 Nb8 13. a4 Nbd7 14. d5 c6 15. dxc6 Bxc6 16. axb5 axb5 17. Rxa8 Qxa8 18. Qe2 Nc5 19. Nh2 g6 20. Ng4 Nh5 21. g3 Qa7 22. Kh2 Rb8 23. Nb3 Ne6 24. Nh6+ Kg7 25. Be3 Qa2 26. Rb1 b4 27. Bc1 Qa7 28. Ra1 Qc7 29. c4 Nc5 30. Nxc5 dxc5 31. Nf5+ Kg8 32. Ne3 Ng7 33. Nd5 Bxd5 34. exd5 Bd6 35. Ra6 f5 36. Be3 f4 37. Rc6 Qe7 38. Bc1 g5 39. Qe4 Ne8 40. Qe2 Nf6 41. Bf5 Kg7 42. b3 Ra8 43. Bb2 Ra2 44. Bb1 Ra8 45. Kg2 Rf8 46. Be4 Ra8 47. g4 Rh8 48. Bf5 h5 49. Be6 hxg4 50. hxg4 Rh4 51. Bxe5 Bxe5 52. Qxe5 Rxg4+ 53. Kf3 Kh6 54. Qxf6+ Qxf6 55. Bxg4 Kg7 56. Rxf6 Kxf6 57. d6 1-0

[Event "6.Open Alta Padovana A"]
[Site "Loreggia"]
[Date "2006.02.25"]
[Round "2.4"]
[White "Dvirnyy, Danyyil"]
[Black "Visentin, Lorenzo"]
[Result "1-0"]
[WhiteElo "2265"]
[BlackElo "1811"]
[Annotator "Gabriele Ballarin"]
[PlyCount "69"]
[EventDate "2006.02.24"]
[EventType "swiss"]
[EventRounds "5"]
[EventCountry "ITA"]

1. e4 c5 2. Nf3 d6 3. d4 cxd4 4. Nxd4 Nf6 5. f3 a6 6. c4 g6 7. Nc3 Bg7 8. Be3 Nc6 9. Nc2 e6 10. Be2 Qc7 11. O-O O-O 12. Qd2 Re8 13. Rfd1 Bf8 14. Rac1 b6 15. Nd4 Bb7 16. Nd5 exd5 17. cxd5 b5 18. dxc6 Bc8 19. g4 Be6 20. Bg5 Bg7 21. Qf4 Qe7 22. Nxe6 fxe6 23. Qxd6 Qa7+ 24. Qc5 Qf7 25. Qe3 Rac8 26. a4 bxa4 27. Bxa6 Rc7 28. Bf4 Kh8 29. Bxc7 Qxc7 30. g5 Nh5 31. Rd7 Qe5 32. Rxg7 Kxg7 33. Qc3 Qxc3 34. Rxc3 Nf4 35. c7 1-0

[Event "6.Open Alta Padovana A"]
[Site "Loreggia"]
[Date "2006.02.25"]
[Round "2.5"]
[White "Gaion, Giancarlo"]
[Black "Molina, Fabrizio"]
[Result "0-1"]
[WhiteElo "1850"]
[BlackElo "2264"]
[Annotator "Gabriele Ballarin"]
[PlyCount "52"]
[EventDate "2006.02.24"]
[EventType "swiss"]
[EventRounds "5"]
[EventCountry "ITA"]

1. g4 e5 2. Bg2 Bc5 3. d3 c6 4. Nf3 d6 5. h3 Ne7 6. Bg5 h6 7. Bh4 g5 8. Bg3 f5 9. gxf5 Nxf5 10. Nc3 Nxg3 11. fxg3 Be3 12. d4 exd4 13. Nxd4 Qf6 14. Nf3 Bf5 15. Rf1 Rf8 16. Nh4 gxh4 17. g4 Qe5 18. Rf3 Bh7 19. Rxe3 Qxe3 20. Qxd6 Qg3+ 21. Qxg3 hxg3 22. O-O-O Nd7 23. Rg1 O-O-O 24. Bf3 Ne5 25. Rxg3 Rf4 26. h4 Nxf3 0-1

[Event "6.Open Alta Padovana A"]
[Site "Loreggia"]
[Date "2006.02.25"]
[Round "2.6"]
[White "Forato, Enrico"]
[Black "Logallo, Claudio"]
[Result "1/2-1/2"]
[WhiteElo "1951"]
[BlackElo "2054"]
[Annotator "Gabriele Ballarin"]
[PlyCount "39"]
[EventDate "2006.02.24"]
[EventType "swiss"]
[EventRounds "5"]
[EventCountry "ITA"]

1. e4 c5 2. Nf3 d6 3. d4 cxd4 4. Nxd4 Nf6 5. Nc3 a6 6. Be2 e5 7. Nb3 Be7 8. O-O Qc7 9. f4 Be6 10. f5 Bc4 11. Be3 Nbd7 12. g4 h6 13. a4 Qc6 14. Na5 Bxe2 15. Qxe2 Qc7 16. Nb3 Nb6 17. Nd2 Rc8 18. h3 d5 19. a5 Nc4 20. Nxc4 {=} 1/2-1/2

[Event "6.Open Alta Padovana A"]
[Site "Loreggia"]
[Date "2006.02.25"]
[Round "2.8"]
[White "Quaranta, Cristiano"]
[Black "De Nardi, Riccardo"]
[Result "1-0"]
[WhiteElo "2024"]
[BlackElo "1933"]
[Annotator "Gabriele Ballarin"]
[PlyCount "93"]
[EventDate "2006.02.24"]
[EventType "swiss"]
[EventRounds "5"]
[EventCountry "ITA"]

1. d4 Nf6 2. Nf3 g6 3. c4 Bg7 4. Nc3 O-O 5. e4 d6 6. g3 a5 7. Bg2 Nbd7 8. O-O e5 9. h3 exd4 10. Nxd4 Nc5 11. Re1 Re8 12. Qc2 Nfxe4 13. Nxe4 Bxd4 14. Bg5 Qd7 15. Nf6+ Bxf6 16. Bxf6 Re6 17. Qc3 c6 18. Rxe6 fxe6 19. Rd1 b6 20. Qf3 Bb7 21. Be5 Rf8 22. Qe3 d5 23. Bd4 Qd6 24. Re1 Bc8 25. Be5 Qd7 26. Rd1 Bb7 27. b3 Qe7 28. f4 Nd7 29. Bb2 Qf7 30. Re1 Re8 31. Qd4 Kf8 32. cxd5 cxd5 33. Bf1 Bc6 34. Qc3 Nc5 35. Ba3 Kg8 36. Bxc5 bxc5 37. Qxc5 Rc8 38. Qxa5 Ra8 39. Qc5 Rxa2 40. Qxc6 Qa7+ 41. Kh1 Qf2 42. Qe8+ Kg7 43. Qe7+ Kg8 44. Qxe6+ Kg7 45. Qe7+ Kh6 46. Qf8+ Kh5 47. Re5+ 1-0

[Event "6.Open Alta Padovana A"]
[Site "Loreggia"]
[Date "2006.02.25"]
[Round "2.9"]
[White "Cerioli, Giuseppe"]
[Black "Roberti, Ignazio"]
[Result "1-0"]
[WhiteElo "1907"]
[BlackElo "1950"]
[Annotator "Gabriele Ballarin"]
[PlyCount "55"]
[EventDate "2006.02.24"]
[EventType "swiss"]
[EventRounds "5"]
[EventCountry "ITA"]

1. e4 c5 2. Nf3 e6 3. c3 d5 4. e5 Nc6 5. Bb5 Nge7 6. O-O Nf5 7. d4 h6 8. Na3 g5 9. dxc5 Bxc5 10. Nd4 Bxd4 11. Bxc6+ bxc6 12. cxd4 Ba6 13. Re1 Qa5 14. Bd2 Qb6 15. Bc3 Rc8 16. Nc2 h5 17. b3 c5 18. Rc1 cxd4 19. Bxd4 Nxd4 20. Qxd4 Rxc2 21. Qxb6 Rxc1 22. Qb8+ Rc8 23. Qxa7 Bd3 24. Qe3 Be4 25. Rc1 Kd7 26. Qa7+ Kd8 27. Qb6+ Ke7 28. Qd6+ 1-0

[Event "6.Open Alta Padovana A"]
[Site "Loreggia"]
[Date "2006.02.25"]
[Round "2.10"]
[White "Maccapan, Fabio"]
[Black "Quaranta, Gaetano"]
[Result "1-0"]
[WhiteElo "1940"]
[BlackElo "1670"]
[Annotator "Gabriele Ballarin"]
[PlyCount "97"]
[EventDate "2006.02.24"]
[EventType "swiss"]
[EventRounds "5"]
[EventCountry "ITA"]

1. c4 Nf6 2. Nc3 d5 3. cxd5 Nxd5 4. g3 c6 5. Bg2 e6 6. Nf3 Be7 7. O-O Nd7 8. e4 Nxc3 9. bxc3 e5 10. d4 Bf6 11. Ba3 exd4 12. cxd4 Be7 13. Bb2 O-O 14. Qc2 Re8 15. Rfe1 f6 16. Rad1 Kh8 17. d5 cxd5 18. Rxd5 Qb6 19. Red1 Nf8 20. e5 fxe5 21. Rxe5 Bg4 22. Rde1 Ng6 23. R5e3 Rec8 24. Qe2 Bc5 25. Rb3 Qc7 26. h3 Bxf3 27. Bxf3 Qxg3+ 28. Bg2 Nf4 $4 29. Rxg3 Nxe2+ 30. Rxe2 Rc7 31. Rb3 Bb6 32. Be4 Re8 33. Kg2 Rf7 34. f3 Rd8 35. Rc2 Rfd7 36. Rbc3 Kg8 37. Rc8 Rxc8 38. Rxc8+ Kf7 39. Rc2 g6 40. Re2 Bc5 41. Bc2 b6 42. Bb3+ Kf8 43. Bf6 Ba3 44. Bg5 Kg7 45. Rd2 Rc7 46. Rd8 h6 47. Bf4 Re7 48. Bd6 Re2+ 49. Kf1 1-0

[Event "6.Open Alta Padovana A"]
[Site "Loreggia"]
[Date "2006.02.25"]
[Round "3.1"]
[White "Vianello, Enrico"]
[Black "Xia, Jie"]
[Result "0-1"]
[WhiteElo "2087"]
[BlackElo "2109"]
[Annotator "Gabriele Ballarin"]
[PlyCount "90"]
[EventDate "2006.02.24"]
[EventType "swiss"]
[EventRounds "5"]
[EventCountry "ITA"]

1. d4 Nf6 2. Bg5 e6 3. Nd2 h6 4. Bh4 c5 5. e3 Nc6 6. Ngf3 cxd4 7. exd4 g5 8. Bg3 Nh5 9. Bd3 Nxg3 10. hxg3 Bg7 11. c3 d6 12. Qe2 Qe7 13. O-O-O Bd7 14. Rhe1 O-O 15. d5 Ne5 16. Nxe5 dxe5 17. dxe6 Bxe6 18. Kb1 Rfc8 19. Bc4 b5 20. Bxe6 Qxe6 21. Qxb5 Rab8 22. Qd3 Qb6 23. Nb3 a5 24. Qe3 Qb5 25. Qe2 a4 26. Qxb5 Rxb5 27. Nc1 Rxc3 28. Rd8+ Kh7 29. Rd7 Kg6 30. Rd6+ Kh7 31. g4 Rc4 32. f3 e4 33. b3 exf3 34. gxf3 axb3 35. Nxb3 Rf4 36. Re3 Be5 37. Rd7 Kg6 38. a4 Rxa4 39. Kc2 Ra2+ 40. Kd1 Bf4 41. Rc3 Rb2 42. Nc1 Rf2 43. Rdd3 Rb1 44. Rc6+ Kg7 45. Ke1 Rh2 0-1

[Event "6.Open Alta Padovana A"]
[Site "Loreggia"]
[Date "2006.02.25"]
[Round "3.2"]
[White "Molina, Fabrizio"]
[Black "Boscolo, Marco"]
[Result "1/2-1/2"]
[WhiteElo "2264"]
[BlackElo "2015"]
[Annotator "Gabriele Ballarin"]
[PlyCount "139"]
[EventDate "2006.02.24"]
[EventType "swiss"]
[EventRounds "5"]
[EventCountry "ITA"]

1. c4 e5 2. g3 Nf6 3. Bg2 Nc6 4. Nc3 Bb4 5. Nd5 Bc5 6. d3 Nxd5 7. cxd5 Ne7 8. Bd2 d6 9. b4 Bd4 10. Rc1 Bd7 11. a4 a6 12. Qb3 c6 13. dxc6 bxc6 14. Nf3 Ba7 15. O-O O-O 16. Bc3 Nd5 17. Bd2 Rb8 18. Qa3 Nc7 19. b5 c5 20. bxa6 Nxa6 21. Ng5 Nb4 22. Ne4 Qe7 23. Nc3 Rb6 24. Rb1 Ra6 25. Rb2 Qe8 26. Ra1 Bb6 27. Qb3 Bc7 28. Nd5 Nxd5 29. Bxd5 Rxa4 30. Rxa4 Bxa4 31. Qb7 Qb8 32. Bg5 Qxb7 33. Rxb7 Rc8 34. Ra7 Be8 35. Be7 h6 36. h4 c4 37. Bxc4 Bb6 38. Ra6 Bc5 39. Bxd6 Bxd6 40. Rxd6 Kf8 41. Kg2 Ke7 42. Ra6 Rc7 43. Kf3 Bc6+ 44. Ke3 Bd7 45. f4 exf4+ 46. Kxf4 Rc5 47. e4 g5+ 48. hxg5 hxg5+ 49. Ke3 f6 50. Ra8 Rc8 51. Ra7 Rb8 52. Kd4 Rb6 53. Bd5 Kd6 54. Ra8 Rb4+ 55. Bc4 Rb6 56. Rf8 Ke7 57. Rf7+ Ke8 58. Rg7 Rd6+ 59. Kc5 Rc6+ 60. Kd5 Rb6 61. e5 g4 62. Rg8+ Ke7 63. Rg7+ Ke8 64. d4 fxe5 65. dxe5 Rh6 66. Be2 Bc6+ 67. Kd4 Bf3 68. Bxf3 gxf3 69. Ke3 Rh5 70. Kxf3 1/2-1/2

[Event "6.Open Alta Padovana A"]
[Site "Loreggia"]
[Date "2006.02.25"]
[Round "3.3"]
[White "Ljubisavljevic, Zivojin Z"]
[Black "Dvirnyy, Danyyil"]
[Result "0-1"]
[WhiteElo "2310"]
[BlackElo "2265"]
[Annotator "Gabriele Ballarin"]
[PlyCount "116"]
[EventDate "2006.02.24"]
[EventType "swiss"]
[EventRounds "5"]
[EventCountry "ITA"]

1. e4 c5 2. Nc3 Nc6 3. f4 g6 4. Nf3 Bg7 5. Bc4 e6 6. e5 d5 7. exd6 Qxd6 8. d3 Nge7 9. Ne4 Qc7 10. O-O b6 11. Qe1 Bb7 12. a4 a6 13. Rb1 O-O-O 14. Bd2 Nd5 15. c3 e5 16. b4 cxb4 17. cxb4 Nxf4 18. b5 axb5 19. axb5 Nd4 20. Nxd4 Rxd4 21. Rc1 Kb8 22. Bxf4 exf4 23. Bd5 Qe7 24. Bxb7 Qxb7 25. Rc6 Rhd8 26. Qh4 Be5 27. Qg5 R4d5 28. Kh1 f5 29. Nf2 Rc8 30. Rfc1 Rxc6 31. bxc6 Qc7 32. Qh6 Rd8 33. Qh3 Bd4 34. Qf3 g5 35. Qe2 Be3 36. Rc2 Rd6 37. Nd1 Rxc6 38. Nxe3 fxe3 39. Rxc6 Qxc6 40. Qxe3 f4 41. Qe5+ Qc7 42. Qe8+ Kb7 43. Qe4+ Kc8 44. Qe8+ Kb7 45. Qe4+ Qc6 46. Qe7+ Ka6 47. Qa3+ Kb5 48. Qb3+ Ka5 49. Qa2+ Kb4 50. Qb2+ Kc5 51. Qe5+ Qd5 52. Qc7+ Kb5 53. Qxh7 Kb4 54. h4 gxh4 55. Qxh4 Qe5 56. g4 Kc3 57. g5 Kxd3 58. Qg4 Ke3 0-1

[Event "6.Open Alta Padovana A"]
[Site "Loreggia"]
[Date "2006.02.25"]
[Round "3.4"]
[White "Visentin, Lorenzo"]
[Black "Mosconi, Ariel Oscar"]
[Result "1/2-1/2"]
[WhiteElo "1811"]
[BlackElo "2156"]
[Annotator "Gabriele Ballarin"]
[PlyCount "123"]
[EventDate "2006.02.24"]
[EventType "swiss"]
[EventRounds "5"]
[EventCountry "ITA"]

1. d4 Nf6 2. c4 g6 3. Nc3 Bg7 4. e4 d6 5. f3 e5 6. Be3 exd4 7. Bxd4 Nc6 8. Be3 O-O 9. Bd3 Re8 10. Nge2 Ne5 11. O-O Be6 12. b3 c6 13. Rc1 d5 14. cxd5 cxd5 15. Bb5 Nc6 16. Nd4 Rc8 17. Kh1 dxe4 18. fxe4 Ng4 19. Nxe6 Qxd1 20. Nxd1 Rxe6 21. Bc4 Rf6 22. Rxf6 Bxf6 23. Bf4 Rd8 24. Be2 Nge5 25. Ne3 Nd4 26. Bc4 b5 27. Bf1 Ne6 28. Bxe5 Bxe5 29. Nd5 Nd4 30. Rc5 Bd6 31. Rc1 Kg7 32. h3 h5 33. Rd1 Be5 34. Rc1 Rd6 35. Rc5 a6 36. Nc7 Ne6 37. Nxe6+ Rxe6 38. g4 h4 39. a4 Bd4 40. Rd5 Rxe4 41. axb5 axb5 42. Rxb5 Re3 43. Rd5 Be5 44. Rd3 Re1 45. Kg2 Rb1 46. Rf3 Bg3 47. Bc4 Rb2+ 48. Kf1 f6 49. Kg1 Be5 50. Kf1 Kh6 51. Rf2 Rb1+ 52. Kg2 Kg5 53. Rf1 Rb2+ 54. Rf2 Rb1 55. Rf1 Rxf1 56. Kxf1 Kf4 57. Kg2 Bc3 58. Bf7 f5 59. Bxg6 fxg4 60. hxg4 Kxg4 61. Kh1 Kg3 62. Bf5 1/2-1/2

[Event "6.Open Alta Padovana A"]
[Site "Loreggia"]
[Date "2006.02.25"]
[Round "3.5"]
[White "Omeri, Silvan"]
[Black "Quaranta, Cristiano"]
[Result "1-0"]
[WhiteElo "2110"]
[BlackElo "2024"]
[Annotator "Gabriele Ballarin"]
[PlyCount "98"]
[EventDate "2006.02.24"]
[EventType "swiss"]
[EventRounds "5"]
[EventCountry "ITA"]

1. e4 d5 2. exd5 Qxd5 3. d4 c5 4. dxc5 Qxc5 5. c3 Nf6 6. Be3 Qc7 7. h3 Bf5 8. Na3 a6 9. Nf3 e5 10. Qa4+ Nbd7 11. Rd1 Be7 12. Nc4 O-O 13. Qa5 Qxa5 14. Nxa5 Be4 15. Nc4 Bxf3 16. gxf3 Bc5 17. Bg2 Rfe8 18. Nd6 Re6 19. Nf5 Bxe3 20. fxe3 Nc5 21. b3 g6 22. Ng3 e4 23. f4 Nd3+ 24. Kf1 Nd5 25. Rxd3 exd3 26. Bxd5 Rxe3 27. Kf2 Rae8 28. Rd1 d2 29. Rxd2 Rxc3 30. Ne4 Rxh3 31. Nf6+ Kf8 32. Nxe8 Kxe8 33. Bxb7 a5 34. Bf3 Rh2+ 35. Bg2 Ke7 36. Rd5 a4 37. Kg3 Rh6 38. b4 f6 39. Ra5 Kd6 40. Rxa4 Rh5 41. Ra6+ Ke7 42. a4 g5 43. b5 Rh4 44. fxg5 fxg5 45. b6 Rb4 46. b7 Kd7 47. Rh6 Kc7 48. Rxh7+ Kb8 49. Rh8+ Ka7 1-0

[Event "6.Open Alta Padovana A"]
[Site "Loreggia"]
[Date "2006.02.25"]
[Round "3.7"]
[White "Logallo, Claudio"]
[Black "Maccapan, Fabio"]
[Result "0-1"]
[WhiteElo "2054"]
[BlackElo "1940"]
[Annotator "Gabriele Ballarin"]
[PlyCount "95"]
[EventDate "2006.02.24"]
[EventType "swiss"]
[EventRounds "5"]
[EventCountry "ITA"]

1. e4 e5 2. Nf3 Nf6 3. d4 Nxe4 4. Bd3 d5 5. Nxe5 Be7 6. O-O O-O 7. Nc3 Nxc3 8. bxc3 Nd7 9. f4 c5 10. dxc5 Nxc5 11. Qh5 Nxd3 12. cxd3 f6 13. Nf3 Be6 14. Bd2 Qd7 15. Kh1 Bf5 16. d4 Rac8 17. Rae1 Ba3 18. Re3 Bb2 19. Rfe1 Be4 20. Ng1 Rc4 21. Ne2 Rfc8 22. Rf1 f5 23. Rh3 g6 24. Qh6 Ba3 25. Qh4 Bf8 26. Kg1 Ra4 27. Nc1 Ba3 28. Nb3 b6 29. Nc1 Bxc1 30. Rxc1 Rxa2 31. Qe1 Rc4 32. Ra1 Rca4 33. Rxa2 Rxa2 34. Re3 Qa4 35. Kf2 Ra1 36. Qe2 Rb1 37. g4 Qd1 38. Qxd1 Rxd1 39. Be1 fxg4 40. Kg3 h5 41. Kh4 Kf7 42. Kg5 Rc1 43. c4 Rxc4 44. Ra3 a5 45. Rb3 Rc6 46. Rb5 Ke7 47. Bf2 Kd7 48. Bg3 0-1